| 000 | 00771nam a22002177a 4500 | ||
|---|---|---|---|
| 999 |
_c4889 _d4889 |
||
| 003 | AR-CdUCM | ||
| 008 | 190311b ||||| |||| 00| 0 spa d | ||
| 040 |
_aMUNICIPALIDAD PROVINCIAL DEL CUSCO _cBIBLIOTECA MUNICIPAL DEL CUSCO |
||
| 082 |
_a223 / _bW62 |
||
| 100 |
_aWhite, Elena de _915035 |
||
| 245 | _aSeguridad y paz en el conflicto de los siglos / | ||
| 260 |
_aArgentina : _bSudamericana, _c1955. |
||
| 300 |
_a784 páginas ; _c22 cm. |
||
| 505 | _aEl destino del mundo -- Valentía de mártires -- Como empezaron las tinieblas morales -- Un pueblo que esparce la luz -- Heraldos de una era mejor... | ||
| 650 |
_aReligión. _91195 |
||
| 650 |
_aMoral. _94056 |
||
| 650 |
_aValores. _95705 |
||
| 650 |
_aConsejos. _914854 |
||
| 942 |
_2ddc _cLIBROS |
||
| 945 | _awfj. | ||